000 00438nmm a2200169Ia 4500
008 251105s9999||||xx |||||||||||||||||und||
020 _a9788415410317
041 _aspa
100 _aCarrión, Mar
245 0 _aTrampas de seda
264 _a[Madrid, España] :
_bTerciopelo,
_c2012
300 _a353 páginas
490 _aTerciopelo
650 _aRomance
856 _uhttps://public.digitaliapublishing.com/a/32308
942 _cCF
999 _c76698
_d76698